[Event "Pohár města Říčany 2020"]
[Site "Městské kulturní středisko U labutě"]
[Date "2020.08.23"]
[Round "2.28"]
[White "Lhotsky, Zdenek"]
[Black "Rucabado, Stefan"]
[Result "1-0"]
[WhiteElo "1831"]
[BlackElo "1570"]
[PlyCount "0"]
[EventDate "2020.08.22"]

1. e4 e6 2. d4 d5 3. e5 c5 4. c3 Nc6 5. Nf3 Qb6 6. a3 f6 7. b4 cxd4 8. cxd4
fxe5 9. dxe5 Nge7 10. Bd3 g6 11. O-O Bg7 12. Qe2 O-O 13. Nc3 a6 14. Bb2 Nf5
15. Rac1 Bh6 16. Rb1 Ncd4 17. Nxd4 Nxd4 18. Qd1 Nc6 19. Na4 Qc7 20. Qe2 b5
21. Nc5 Bf4 22. Rfe1 Bh6 23. g3 Qe7 24. f4 g5 25. Qh5 Qg7 26. f5 exf5 27. e6 Qg6
28. Qf3 Ne7 29. g4 Bg7 30. gxf5 Qh6 31. Rf1 Bxb2 32. Rxb2 Qf6 33. Rg2 h6 34. Qh5
Kg7 35. h4 Rh8 36. hxg5 hxg5 37. Rxg5+ Kf8 38. Qg4 Qh6 39. Qg2 Qf6 40. Rg4 Ra7
41. Qg3 Ke8 42. Kg2 Qb2+ 43. Rf2 Qc1 44. Rf1 Qd2+ 45. Kg1 1-0

[Event "Pohár města Říčany 2020"]
[Site "Městské kulturní středisko U labutě"]
[Date "2020.08.23"]
[Round "2.29"]
[White "Kacirek, Pavel"]
[Black "Pejrimovska, Viola Ruby"]
[Result "1/2-1/2"]
[WhiteElo "1778"]
[BlackElo "1569"]
[PlyCount "0"]
[EventDate "2020.08.22"]

1. b3 Nf6 2. Bb2 g6 3. e3 Bg7 4. Nf3 O-O 5. Be2 d6 6. d4 b6 7. O-O Bb7 8. c4
Nbd7 9. Nc3 e5 10. dxe5 dxe5 11. Qc2 Qe7 12. Rad1 e4 13. Nd2 Ne5 14. Ndxe4 Nxe4
15. Nxe4 Nxc4 16. Bxg7 Kxg7 17. Qxc4 Bxe4 18. Rd4 Bb7 19. Rfd1 Rad8 20. Bg4 f5
21. Be2 c5 22. Rxd8 Rxd8 23. Qc3+ Kh6 24. Rd2 Qe4 25. f3 Qe7 26. Rxd8 Qxd8
27. Qe5 Qd2 28. Qf4+ g5 29. Qxf5 Qe1+ 30. Bf1 Qxe3+ 31. Kh1 Qe7 32. h3 Kg7
33. Bd3 Kh8 34. Bc4 h6 35. Be6 Qg7 36. Bc4 Qe7 37. Bd3 Bc6 38. Kg1 Bd7 39. Qd5
Qe3+ 40. Kh1 Qc1+ 41. Kh2 Qf4+ 42. Kg1 Qe3+ 1/2-1/2